01217nam a2200241Ia 450000100060000000300090000600800410001504000130005604000130006904100130008210000170009510000290011224500840014124500830022525000110030826000110031926000120033026000490034230000410039150004850043265000270091765000310094441851IT-RoPAU130308s9999 xx 000 0 und d aIT-RoPAU cIT-RoPAU aITALIANO aPorena Boris gCodice Aut. SPICS: 2403 aMusica da ... fare, ascoltare, conoscere, discutere per la scuola media e oltre bMusica Da... Fare, Ascoltare, Conoscere, Discutere per la Scuola Media e Oltre a1a ed. aMILANO bRicordi c1985 [1° Ed.:1985 - Ed.Ling.Originale:1985] a"460 p. (prefazione: 8; testo: 452)" aAscolto della Musica Analisi Produzione dei Suoni Codice Notale Funzioni della Musica ritmo Forma Musicale Composizione informale Canto Gregoriano prime forme Polifoniche Musica e Significato Musica e Parola Musica e Teatro Suono e Movimento Suono Sistema Temperato notazione Armonia Contrappunto Fraseologia Canto Strumenti Musicali Flauto dolce Soprano Sonatina per Pf Op 36 N 1 e 37 N 2 di Muzio Clementi Sonata per Vl e Pf K 378 di W.A. Mozart Sonata per Pf Op 13 di Beethoven aEDUCAZIONE ALLA MUSICA eCodice materia Spics: 7012